000 00892nam a2200265 i 4500
001 172974
003 ES-MaACL
005 20260525062936.0
008 090928s1992 sp | |||| ||spa d
017 _aM 12957-1992
020 _a84-239-7261-5
040 _aSpMaBN
_bspa
_cSpMaBN
_erdc
080 _a821.134.2-2"18"
080 _a821.134.2-12"18"
100 1 _aHartzenbusch, Juan Eugenio,
_d1806-1880
_962011
245 1 4 _aLos amantes de Teruel /
_cJuan Eugenio Hartzenbusch ; edición, Ricardo Navas Ruiz.
260 _aMadrid :
_bEspasa-Calpe,
_cD.L. 1992.
300 _a155 p. ;
_c18 cm.
490 1 _aColección austral ;
_v261
504 _aBibliografía: p. 35-36.
700 1 _aNavas Ruiz, Ricardo.
_985211
830 0 _aColección austral
_v261
_9177655
852 4 _aES-MaACL
_jE-13009
_9R.139403
_z. - Biblioteca Jacinto Martínez Lacalle
999 _c172974
_d172974